000
00320nam a2200133Ia 4500
005
20260328104325.0
008
260328s9999||||xx |||||||||||||| ||und||
100
_a
Rossi, Aldo
245
0
_a
Autobiografía Científica /
_c
Aldo Rossi
260
_b
Gustavo Gili
300
_a
127 p.
650
_a
ALDO ROSSI
942
_c
BK
999
_c
11507
_d
11507